Famous Quotes from Movies - Statistics

General Stats
  • This quiz has been taken 135 times
  • The average score is 9 of 15
Answer Stats
Hint Answer % Correct
"I am your father." Star Wars: Empire Strike Back
97%
"I'm the king of the world!" Titanic
79%
"Here's Johnny!" The Shining
77%
"I have a feeling we aren't in Kansas anymore.." The Wizard of Oz
77%
"I'm gonna make him an offer he can't refuse." The Godfather
76%
"I'll be back." Terminator
74%
"Just keep swimming." Finding Nemo
73%
"You're gonna need a bigger boat." Jaws
69%
"Houston, we have a problem." Apollo 13
66%
"It's alive! It's alive!" Frankenstein
63%
"Say hello to my little friend." Scarface
58%
"Do you ever look at someone and wonder what is going on inside their Head?" Inside Out
44%
"Bond. James Bond." Dr. No
33%
"I'm walking here!" Midnight Cowboy
17%
"My Precious." Lord of The Rings: Two Towers.
3%
No matching quizzes found
Score Distribution
Percent of People with Each Score
Percentile by Number Answered
Your Score History
You have not taken this quiz